000 00610nam a2200181Ia 4500
008 151018s9999 xx 000 0 und d
082 _bRBASDV63775
_a928
100 _aअवधेश प्रधान
245 _aसुदामा पांडेय
250 _b1
260 _bसाहित्य अकादमी नई दिल्ली
_c2014
300 _a98
600 _aअवधेश प्रधान
630 _aसुदामा पांडेय
700 _aअवधेश प्रधान
730 _aसुदामा पांडेय
942 _cBOOK
999 _c1056116
_d1056113